000 00299nam a22001337a 4500
008 171102b xxu||||| |||| 00| 0 eng d
020 _a9780465008681
041 _aeng
080 _a530.14
100 _a59
101 _aKAP
245 _aTHE CAPITALIST REVOLUTION
_cBERGER, P.L
942 _2udc
_cBK
999 _c37184
_d37184